Statistics for Also Known As #1

Click here to take the quiz!

General Stats

  • This quiz has been taken 17,246 times
  • The average score is 9 of 20

Answer Stats

ThisAlso Known As...% Correct
Ping PongTable Tennis
91%
CentigradeCelsius
71%
London UndergroundThe Tube
66%
QuicksilverMercury
63%
PatellaKneecap
62%
ShuttlecockBirdie
61%
The Big IslandHawaii
55%
Ted KaczynskiUnabomber
48%
KalashnikovAK-47
43%
PugilismBoxing
42%
Mount McKinleyDenali
40%
SomnambulismSleepwalking
40%
William the BastardWilliam the Conqueror
39%
The Beatles (Album)The White Album
37%
Lumbar PunctureSpinal Tap
36%
MDMAEcstasy
35%
WoodchuckGroundhog
34%
Hole in OneAce
33%
OctavianAugustus
26%
HaliteRock Salt
14%

Score Distribution

Percentile by Number Answered

Percent of People with Each Score

Your Score History

You have not taken this quiz